[Event "ISR-chT 2020"]
[Site "Israel"]
[Date "2020.01.17"]
[Round "3.17"]
[White "Krayz, Alexander"]
[Black "Bronstein, Or"]
[Result "0-1"]
[WhiteElo "2359"]
[BlackElo "2428"]
[Annotator "TA"]
[PlyCount "80"]
[EventDate "2020.01.10"]
[EventType "team-tourn"]
[EventCountry "ISR"]
[SourceTitle "playchess.com"]
[Source "ChessBase"]
[SourceQuality "1"]

{[%evp 14,80,0,0,0,0,0,-22,-10,-39,-37,-53,-12,-22,-14,-15,-20,-45,-42,-92,-81,-85,-81,-239,-244,-225,-116,-103,-60,-62,-60,-56,-62,-47,-49,-52,-36,-49,0,0,0,0,32,33,119,-50,50,-77,-71,-198,-201,-206,-206,-314,-310,-392,-375,-418,-414,-1457,-1401,-29987,-29988,-29988,-503,-29996,-29997,-29997,-29998]} 1. e4 c5 2. Nf3 Nc6 3. Bb5 g6 4. O-O Bg7 5. c3 Nf6 6. e5 Nd5 7. d4 cxd4 8. cxd4 Nc7 {B31: Sicilian: 2...Nc6 3 Bb5 g6} 9. Ba4 O-O 10. h3 (10. Bf4 b5 11. Bb3 d6 12. exd6 exd6 13. Bg5 Qd7 14. Qd2 Bb7 15. d5 Ne7 16. Nc3 {1-0 (28) Smirin,I (2670)-Vakhidov,J (2561) Moscow 2017}) 10... d6 {[%cal Rd6e5] The position is equal.} 11. Bf4 dxe5 12. dxe5 Nd5 $146 ({Predecessor:} 12... Ne6 13. Bg3 Ned4 14. Nxd4 Nxd4 {½-½ (21) Sandipan,C (2561)-Hossain,E (2436) Dhaka 2004}) 13. Bg3 Qa5 14. Nbd2 Rd8 15. Nc4 Qa6 16. Qb3 Ndb4 $1 17. Bxc6 Nxc6 18. Ng5 $2 (18. Ne3 $17 {was necessary.}) 18... Nd4 $1 $19 {[%cal Rd4b3]} 19. Qb4 Bf5 (19... h6 $1 $19 {aiming for ...Nc6.} 20. Nf3 (20. Qxe7 $2 Rf8 $19) 20... Nxf3+ 21. gxf3 Bxh3) 20. Ne3 $17 h6 21. Nxf5 gxf5 22. Nf3 Nc2 23. Qxe7 {Rad1 is the strong threat.} Nxa1 24. Rxa1 Rac8 25. Re1 Bf8 26. Qh4 $1 Qg6 27. Qf4 Rc2 28. Bh4 $1 {[%cal Rh4d8][%mdl 1024] White has compensation.} Rdc8 (28... Rd5 $14) 29. b3 $2 (29. Nd4 $16) 29... Ba3 ({Better is} 29... Bc5 $1 $15) 30. Qa4 (30. Bf6 $14 {stays ahead.} Bc1 31. Qd4) 30... Bc5 $1 $36 {[%mdl 2048] Black is really pushing.} ({But not} 30... Rxa2 $6 31. Bf6 $14) 31. b4 (31. Nd4 $17 b5 32. Nxb5) 31... Bb6 $19 32. e6 fxe6 33. Ne5 {[#]} (33. Qb5 $142) 33... Qe8 $1 {[%cal Re8a4]} 34. Nd7 {Strongly threatening Nf6+.} Bd4 35. Rd1 Rc1 {Threatens to win with ...Qxd7!} 36. Bf6 (36. Nf6+ $142 Bxf6 37. Qxe8+ Rxe8 38. Rxc1 Bxh4 39. Kf1) 36... Qh5 37. Rxc1 Rxc1+ 38. Kh2 Qd1 (38... Bxf2 $142 39. Bd4 Bxd4 40. Qa3 {[#]} Rh1+ $1 {[%mdl 576] Decoy} 41. Kxh1 Qd1+ 42. Kh2 Qg1+ 43. Kg3 Qe1+ 44. Kf4 Qh4+ 45. g4 Qf2+ 46. Qf3 Qh2+ 47. Qg3 Qd2+ {[%mdl 64] Double Attack} 48. Kf3 Qe3+ 49. Kg2 Qg1+ 50. Kf3 Qf1+ 51. Qf2 Qxf2#) 39. Qa5 (39. Qxd1 $19 Rxd1 40. Bxd4 Rxd4 {[%mdl 64] Double Attack} 41. Nc5) 39... Qg1+ {[%mdl 64] Double Attack} 40. Kg3 Qxf2+ {Accuracy: White = 26%, Black = 51%.} 0-1

[Event "ISR-chT 2020"]
[Site "Israel"]
[Date "2020.01.17"]
[Round "3.18"]
[White "Liss, Eran"]
[Black "Haimovich, Tal"]
[Result "1-0"]
[WhiteElo "2421"]
[BlackElo "2402"]
[Annotator "TA"]
[PlyCount "63"]
[EventDate "2020.01.10"]
[EventType "team-tourn"]
[EventCountry "ISR"]
[SourceTitle "playchess.com"]
[Source "ChessBase"]
[SourceQuality "1"]

{[%evp 19,99,23,22,27,51,57,41,46,51,43,65,53,45,52,69,72,75,81,104,96,201,189,189,16,105,104,108,106,107,102,94,88,98,91,143,100,91,0,104,79,170,159,216,147,655,454,414,406,405,400,400,396,383,369,350,301,316,286,331,241,303,261,284,259,514,518,615,574,657,650,635,582,582,429,12827,12828,12833,11633,12840,12839,12841,2457]} 1. e4 e5 2. Nf3 Nc6 3. Bb5 a6 4. Ba4 Nf6 5. d3 b5 6. Bb3 Be7 7. O-O O-O 8. a4 Rb8 9. axb5 axb5 10. Re1 d6 11. c3 {C88: Closed Ruy Lopez: Anti-Marshall Systems} (11. Nbd2 h6 12. h3 Re8 13. c3 Bf8 14. Nf1 Ne7 15. Nh4 g5 16. Nf3 Ng6 17. Ng3 c5 18. d4 c4 {0-1 (47) Robson,R (2667)-Caruana,F (2828) chess.com INT 2019}) 11... Nd7 12. Bd5 Bb7 13. Na3 $146 {White is slightly better.} ({Predecessor:} 13. Nbd2 Bf6 14. Nf1 Nb6 15. Bb3 Ne7 16. Ng3 c5 17. Nh5 Nc6 18. Be3 Bc8 {½-½ (62) Garcia,G (2290)-Sanz Alonso,F (2420) Seville 1994}) 13... b4 14. Nc4 Bf6 15. d4 Ra8 16. Be3 Qb8 17. Qb3 Rxa1 18. Rxa1 exd4 19. cxd4 Nd8 (19... Be7 $16) 20. Bxb7 $1 $18 (20. Qxb4 c6 $11) 20... Qxb7 21. e5 $2 (21. d5 $1 $18) 21... Be7 (21... dxe5 $11 22. dxe5 Be7) 22. exd6 $16 Bxd6 23. Nxd6 cxd6 24. Bf4 Qb6 25. Re1 h6 26. Qd5 Nb7 ({Black should try} 26... Ne6 27. Qxd6 (27. Bxd6 Nf6 $11) 27... Nxf4 28. Qxf4 Nf6) 27. Re7 Qd8 28. Re1 (28. Bxd6 $16 Nb6 29. Qxb7 Qxd6 30. h3) 28... Qc7 (28... Qb6 $1 $11) 29. Rc1 Qb8 (29... Nf6 $16 30. Qb5 (30. Rxc7 Nxd5 31. Rxb7 Nxf4 $11) 30... Qe7) 30. Qf5 $36 {[%mdl 2048] Black is under strong pressure.} Rd8 (30... Nb6 $16 31. Qb5 Nc8) 31. Re1 {Strongly threatening Bxh6!} Kf8 $2 {[%mdl 8192] [#]} (31... Qa8 $16 32. h3 Qa5 33. Qxa5 Nxa5) 32. Nh4 {Played: Bf4xh6} 1-0

[Event "ISR-chT 2020"]
[Site "Israel"]
[Date "2020.01.17"]
[Round "3.19"]
[White "Sutovsky, Emil"]
[Black "Bagrationi, Alexander"]
[Result "1-0"]
[WhiteElo "2643"]
[BlackElo "2491"]
[Annotator "TA"]
[PlyCount "63"]
[EventDate "2020.01.10"]
[EventType "team-tourn"]
[EventCountry "ISR"]
[SourceTitle "playchess.com"]
[Source "ChessBase"]
[SourceQuality "1"]

{[%evp 24,63,67,79,56,75,66,77,59,63,66,56,64,0,0,0,0,-17,64,69,87,75,98,92,86,100,202,196,383,196,251,247,225,187,542,529,700,702,697,678,786,711]} 1. e4 c5 2. Nf3 d6 3. d4 cxd4 4. Nxd4 Nf6 5. Nc3 Nc6 6. Bg5 Bd7 7. Qd2 Rc8 8. f4 Nxd4 9. Qxd4 Qa5 10. e5 dxe5 11. fxe5 e6 12. O-O-O Bc6 13. Nb5 Bxb5 {B61: Sicilian: Richter-Rauzer: 6...Bd7 7 Qd2} 14. exf6 Bc6 15. h4 $1 g6 {White is better.} 16. Bc4 Bc5 17. Qe5 Bb4 18. Qxa5 (18. Qe2 $14) 18... Bxa5 $11 19. h5 $36 {[%mdl 2048] White is more active.} gxh5 {[#]} 20. Bh6 $146 ({Predecessor:} 20. Rxh5 Bxg2 21. Bb5+ {1-0 (42) Ganguly,S (2636)-Tyomkin,D (2549) Edmonton 2005}) 20... Bb4 ({Black should try} 20... Bxg2 $11 21. Bb5+ Bc6 22. Bxc6+ bxc6) 21. Rxh5 $14 Rg8 22. Be3 a6 23. Rxh7 {[#] Hoping for Bxe6!} Be4 24. Rg7 Rxg7 (24... Rh8 $16 25. Bd3 Bc6) 25. fxg7 $18 Ke7 $2 (25... Bh7 {is a better defense.} 26. Rh1 Bg8) 26. c3 (26. Rh1 $142 Rg8 27. Bd4) 26... Bh7 (26... Bd6 $142) 27. Bd3 f5 28. g4 {[#] Black must now prevent Rh1.} Kf6 $2 (28... Bc5 {is tougher.}) 29. gxf5 {White is clearly winning.} e5 30. Rg1 Ba5 31. Bg5+ Kf7 32. Bc2 {Accuracy: White = 62%, Black = 38%.} 1-0

[Event "ISR-chT 2020"]
[Site "Israel"]
[Date "2020.01.17"]
[Round "3.20"]
[White "Sivuk, Vitaly"]
[Black "Smirin, Ilia"]
[Result "0-1"]
[WhiteElo "2579"]
[BlackElo "2607"]
[Annotator "TA"]
[PlyCount "48"]
[EventDate "2020.01.10"]
[EventType "team-tourn"]
[EventCountry "ISR"]
[SourceTitle "playchess.com"]
[Source "ChessBase"]
[SourceQuality "1"]

{[%evp 13,94,27,27,28,27,25,28,19,29,17,45,50,43,36,37,38,35,39,46,62,43,0,0,0,0,0,16,-10,0,-39,-20,-36,-32,-30,-36,-78,-80,-78,-83,-72,-86,-94,-80,-110,-60,-77,-77,-104,-105,-395,-284,-285,-256,-366,-226,-220,-160,-140,-144,-773,-772,-821,-829,-972,-962,-872,-808,-808,-808,-1325,-1081,-2633,-2431,-5065,-4133,-5097,-4587,-29980,-29981,-29981,-29982,-29982,-29982]} 1. d4 Nf6 2. c4 g6 3. Nc3 Bg7 4. e4 d6 5. h3 O-O $146 ({Predecessor:} 5... Nbd7 6. Be3 e5 7. d5 Nc5 8. Qc2 O-O {1-0 (45) Anton Guijarro,D (2667)-Adhiban,B (2701) Havana 2019}) 6. Be3 e5 7. d5 Na6 {[%cal Bb8a6,Ba6c5,Bc5e6,Be6d4][%mdl 32]} 8. g4 {E71: King's Indian: 4 e4 d6 5 h3} Nc5 9. Qc2 c6 10. g5 {White has an edge.} Nh5 11. O-O-O cxd5 12. Nxd5 Ne6 13. h4 Bd7 14. Ne2 b5 15. cxb5 Bxb5 16. Nec3 Bd7 17. Qb3 Nd4 18. Qa3 Bg4 19. Rd2 f5 20. gxf6 Nxf6 21. Bc4 Kh8 $36 {[%mdl 2048] Black is more active.} 22. Nxf6 $1 Bxf6 23. Bd5 Rc8 24. Qxa7 Bf3 {Played: Rc8-c7} 0-1

[Event "ISR-chT 2020"]
[Site "Israel"]
[Date "2020.01.17"]
[Round "3.21"]
[White "Moiseenko, Alexander"]
[Black "Deutsch, Eyal"]
[Result "1-0"]
[WhiteElo "2620"]
[BlackElo "2337"]
[Annotator "TA"]
[PlyCount "57"]
[EventDate "2020.01.10"]
[EventType "team-tourn"]
[EventCountry "ISR"]
[SourceTitle "playchess.com"]
[Source "ChessBase"]
[SourceQuality "1"]

{[%evp 22,57,72,20,56,55,39,49,58,59,58,51,58,55,58,59,61,72,85,79,80,77,105,104,129,132,133,131,150,150,167,167,239,206,274,268,265,239]} 1. d4 Nf6 2. c4 e6 3. Nc3 Bb4 4. Nf3 c5 5. g3 Ne4 6. Qd3 Qa5 7. Qxe4 Bxc3+ 8. Bd2 Bxd2+ 9. Nxd2 cxd4 10. Qxd4 O-O 11. Bg2 Nc6 12. Qd3 (12. Qd6 $16) 12... d5 {E20: Nimzo-Indian: 4 g3 and 4 f3} (12... Qe5 13. Rb1 d5 14. O-O Rd8 15. Rfd1 Qf6 16. b4 dxc4 17. Qxc4 Rd4 18. Qc5 Qd8 19. e3 Rd6 20. b5 {1-0 (47) Landa,K (2678)-Ftacnik,L (2553) Germany 2008}) 13. O-O Ne5 14. Qc2 Nxc4 {White is slightly better.} 15. Nxc4 dxc4 16. Qxc4 Bd7 17. Bxb7 $146 ({Predecessor:} 17. Qd4 Rfd8 18. b4 Bc6 19. Qxg7+ Kxg7 20. bxa5 Bxg2 21. Kxg2 {½-½ (31) Bugajski,R (2340)-Maciejewski,M (2285) Warsaw 1987}) 17... Rab8 18. b4 Qb6 19. Be4 Bb5 20. Qc2 Rfc8 21. Qb2 Bc6 22. Bxc6 Rxc6 23. Rac1 h6 24. a3 Rxc1 25. Rxc1 ({Much less strong is} 25. Qxc1 a5 $16) 25... Qb5 26. Qd2 Qa4 (26... Qa6 $142) 27. Qd6 Rf8 {[#]} 28. Qd3 $1 Rb8 29. Rc7 {Accuracy: White = 100%, Black = 28%.} 1-0

[Event "ISR-chT 2020"]
[Site "Israel"]
[Date "2020.01.17"]
[Round "3.22"]
[White "Oratovsky, Michael"]
[Black "Golod, Vitali"]
[Result "1/2-1/2"]
[WhiteElo "2434"]
[BlackElo "2503"]
[Annotator "ChessBase"]
[PlyCount "34"]
[EventDate "2020.01.10"]
[EventType "team-tourn"]
[EventCountry "ISR"]
[SourceTitle "playchess.com"]
[Source "ChessBase"]
[SourceQuality "1"]
[TimeControl "40/5400+30:1800+30"]

1. e4 {[%emt 0:00:00]} c5 {[%emt 0:00:08]} 2. Nf3 {[%emt 0:00:00]} d6 {[%emt 0:01:10]} 3. Bb5+ {[%emt 0:00:13]} Nd7 {[%emt 0:00:55]} 4. O-O {[%emt 0:00:14]} a6 {[%emt 0:01:08]} 5. Bxd7+ {[%emt 0:13:37]} Bxd7 {[%emt 0:04:10]} 6. d4 {[%emt 0:00:06]} cxd4 {[%emt 0:00:11]} 7. Qxd4 {[%emt 0:00:05]} e5 {[%emt 0:01:08]} 8. Qd3 {[%emt 0:00:19]} Rc8 {[%emt 0:00:38]} 9. c4 {[%emt 0:12:37]} b5 {[%emt 0:01:18]} 10. Nfd2 {[%emt 0:29:10]} Nf6 {[%emt 0:08:20]} 11. Nc3 {[%emt 0:13:56]} Qb6 {[%emt 0:03:34]} 12. b3 {[%emt 0:22:12]} Be7 {[%emt 0:09:44]} 13. a4 {[%emt 0:00:07]} O-O {[%emt 0:20:24]} 14. axb5 {[%emt 0:00:19]} axb5 {[%emt 0:02:43]} 15. Nxb5 {[%emt 0:00:06]} Bxb5 {[%emt 0:00:43]} 16. cxb5 {[%emt 0:00:02]} Rb8 {[%emt 0:01:02]} 17. Ra6 {[%emt 0:03:32]} Qxb5 {[%emt 0:00:52]} 1/2-1/2

[Event "ISR-chT 2020"]
[Site "Israel"]
[Date "2020.01.17"]
[Round "3.23"]
[White "Kogan, Arthur"]
[Black "Chernomordik, Pavel"]
[Result "1-0"]
[WhiteElo "2524"]
[BlackElo "2218"]
[Annotator "ChessBase"]
[PlyCount "83"]
[EventDate "2020.01.10"]
[EventType "team-tourn"]
[EventCountry "ISR"]
[SourceTitle "playchess.com"]
[Source "ChessBase"]
[SourceQuality "1"]
[TimeControl "40/5400+30:1800+30"]

1. e4 {[%emt 0:00:04]} g6 {[%emt 0:00:00]} 2. d4 {[%emt 0:00:06]} Bg7 {[%emt 0:00:00]} 3. Nc3 {[%emt 0:00:06]} d6 {[%emt 0:00:00]} 4. Bg5 {[%emt 0:01:54]} h6 {[%emt 0:00:32]} 5. Be3 {[%emt 0:00:35]} a6 {[%emt 0:00:35]} 6. Qd2 {[%emt 0:04:23]} b5 {[%emt 0:01:59]} 7. Nge2 {[%emt 0:01:06]} Bb7 {[%emt 0:00:59]} 8. f3 {[%emt 0:00:28]} Nd7 {[%emt 0:00:17]} 9. d5 {[%emt 0:07:15]} Ne5 {[%emt 0:07:14]} 10. Nd4 {[%emt 0:00:34]} Nf6 {[%emt 0:02:04]} 11. a4 {[%emt 0:01:39]} bxa4 {[%emt 0:03:14]} 12. Be2 {[%emt 0:04:34]} c5 {[%emt 0:02:36]} 13. dxc6 {[%emt 0:00:31]} Nxc6 {[%emt 0:00:03]} 14. Nxc6 {[%emt 0:05:52]} Bxc6 {[%emt 0:00:07]} 15. Nxa4 {[%emt 0:00:14]} Nd7 {[%emt 0:03:33]} 16. O-O {[%emt 0:02:05]} O-O {[%emt 0:04:55]} 17. Ra2 {[%emt 0:10:49]} Bb5 {[%emt 0:11:02]} 18. c4 {[%emt 0:07:20]} Bxa4 {[%emt 0:01:32]} 19. Rxa4 {[%emt 0:00:13]} Nc5 {[%emt 0:00:03]} 20. Ra3 {[%emt 0:07:10]} a5 {[%emt 0:01:00]} 21. b3 {[%emt 0:00:21]} Rb8 {[%emt 0:06:04]} 22. Bd1 {[%emt 0:02:25]} h5 {[%emt 0:08:38]} 23. Bc2 {[%emt 0:01:40]} Qb6 {[%emt 0:07:32]} 24. f4 {[%emt 0:06:38]} Qb4 {[%emt 0:11:54]} 25. Qxb4 {[%emt 0:03:55]} axb4 {[%emt 0:02:31]} 26. Ra7 {[%emt 0:00:13]} Ra8 {[%emt 0:06:24]} 27. Rxe7 {[%emt 0:03:49]} Ra2 {[%emt 0:00:29]} 28. Bd1 {[%emt 0:11:45]} Bf6 {[%emt 0:00:56]} 29. Rc7 {[%emt 0:01:33]} Nxe4 {[%emt 0:00:41]} 30. f5 {[%emt 0:01:49]} Nd2 {[%emt 0:04:13]} 31. Re1 {[%emt 0:06:06]} Bc3 {[%emt 0:01:52]} 32. Bh6 {[%emt 0:03:13]} Nxc4 {[%emt 0:05:04]} 33. Ree7 {[%emt 0:04:30]} Bd4+ {[%emt 0:04:02]} 34. Kf1 {[%emt 0:00:36]} Rf2+ {[%emt 0:00:45]} 35. Ke1 {[%emt 0:00:17]} Nb2 {[%emt 0:00:42]} 36. Be2 {[%emt 0:01:00]} Ra8 {[%emt 0:01:21]} 37. fxg6 {[%emt 0:00:37]} fxg6 {[%emt 0:02:53]} 38. Rg7+ {[%emt 0:00:37]} Kh8 {[%emt 0:00:23]} 39. Rh7+ {[%emt 0:00:10]} Kg8 {[%emt 0:00:08]} 40. Rcg7+ {[%emt 0:00:09]} Bxg7 {[%emt 0:00:12]} 41. Rxg7+ {[%emt 0:30:05]} Kh8 {[%emt 0:30:26]} 42. Kxf2 {[%emt 0:00:12]} 1-0

[Event "ISR-chT 2020"]
[Site "Israel"]
[Date "2020.01.17"]
[Round "3.24"]
[White "Nedobora, Mikhail"]
[Black "Bar, Roman"]
[Result "1/2-1/2"]
[WhiteElo "2360"]
[BlackElo "2498"]
[Annotator "TA"]
[PlyCount "34"]
[EventDate "2020.01.10"]
[EventType "team-tourn"]
[EventCountry "ISR"]
[SourceTitle "playchess.com"]
[Source "ChessBase"]
[SourceQuality "1"]

{[%evp 22,34,4,19,26,0,46,56,46,48,46,0,0,0,44]} 1. d4 Nf6 2. c4 e6 3. g3 c5 4. d5 exd5 5. cxd5 d6 6. Nc3 g6 7. Bg2 Bg7 8. Nf3 O-O 9. O-O Re8 ({Predecessor:} 9... a6 10. a4 Nbd7 11. h3 Re8 12. Nd2 Nh5 13. a5 {½-½ (18) Nechaeva,M (2402)-Jojua,D (2505) Pardubice 2011}) 10. Nd2 a6 11. a4 Nbd7 12. a5 Rb8 $146 {A64: Modern Benoni: Fianchetto Variation: 9...Nbd7 10 Nd2 a6 11 a4 Re8} (12... b5 13. axb6 Nxb6 14. Nb3 Nc4 15. Ra4 Nb6 16. Ra2 Nc4 17. Ra4 Nb6 18. Ra2 Nc4 {½-½ (18) Nikolic,P (2607)-Perunovic,M (2603) Sarajevo 2017}) 13. h3 Nh5 14. Nc4 Ne5 15. Nb6 Nd7 16. Nc4 Ne5 17. Nb6 Nd7 1/2-1/2

[Event "ISR-chT 2020"]
[Site "Israel"]
[Date "2020.01.17"]
[Round "3.25"]
[White "Tarlev, Konstantin"]
[Black "Lomasov, Semyon"]
[Result "1-0"]
[WhiteElo "2570"]
[BlackElo "2546"]
[Annotator "TA"]
[PlyCount "87"]
[EventDate "2020.01.10"]
[EventType "team-tourn"]
[EventCountry "ISR"]
[SourceTitle "playchess.com"]
[Source "ChessBase"]
[SourceQuality "1"]

{[%evp 15,87,5,4,-7,0,0,0,0,0,12,2,7,50,46,40,31,45,50,49,44,45,42,45,31,55,39,46,9,35,28,35,42,70,31,39,21,18,28,20,25,36,28,35,0,15,25,9,8,12,23,43,18,85,26,219,71,744,56,734,-3,37,28,100,107,96,0,128,112,2002,1740,1364,1109,1862,1695]} 1. d4 e6 2. c4 Nf6 3. Nf3 b6 4. g3 Ba6 5. b3 Bb4+ 6. Bd2 Be7 7. Nc3 d5 8. cxd5 exd5 9. Bh3 {E15: Queen's Indian: 4 g3 sidelines, 4 g3 Ba6 and 4 g3 Bb7 early deviations} (9. Bg2 O-O 10. O-O Re8 11. a3 Nbd7 12. b4 Bd6 13. Re1 Bb7 14. Qb3 Qe7 15. Bf4 a6 16. e3 h6 17. Rec1 c6 18. Bxd6 Qxd6 {½-½ (34) Sjugirov,S (2662)-Mareco,S (2633) Khanty-Mansiysk 2019}) 9... O-O 10. O-O Re8 11. Qc2 $146 {The position is equal.} ({Predecessor:} 11. Rc1 c5 12. Re1 Nc6 13. Bg5 Nxd4 14. Nxd4 cxd4 15. Qxd4 h6 16. Bf4 Bc5 {½-½ (74) Polak,T (2511)-Nayhebaver,M (2437) Bojnice 2016}) 11... Bb4 {Black wants to play ...Bxc3.} 12. Rfe1 h6 13. a3 Bxc3 (13... Bf8 {looks sharper.} 14. b4 c5 15. Bf4 cxb4 16. axb4 Bxb4 17. Ne5 Bc8) 14. Bxc3 Nbd7 15. Rac1 c6 16. Bb2 Bb7 17. Ne5 Nxe5 18. dxe5 Ne4 19. Bg2 c5 20. Red1 {Bxe4 is the strong threat.} Qe7 21. h4 Rad8 22. e3 Qe6 23. Qe2 f6 24. exf6 (24. Bxe4 $5 dxe4 25. exf6 $16) 24... Nxf6 25. b4 Ne4 26. bxc5 bxc5 27. Qc2 Rc8 28. Bxg7 {Threatens to win with Bxe4.} d4 $1 29. Qb2 (29. Bxh6 $5 Qxh6 30. Qb3+ {[%mdl 64] Double Attack} Kh8 31. exd4 $11 (31. Qxb7 Nxf2 32. Rf1 Ng4 $11)) 29... Re7 {Hoping for ...dxe3.} 30. Bxd4 cxd4 31. Rxc8+ Qxc8 32. Rxd4 Qf8 33. Rb4 $36 {[%mdl 3072] Strongly threatening Qc2. White has compensation. Black is under pressure.} Qf7 (33... Bd5 $11 {keeps the balance.}) 34. a4 ({White should play} 34. Kh2 $16) 34... Bd5 $2 (34... Bc6 $11 {and Black stays safe.}) 35. Rb8+ (35. f3 $1 $18) 35... Kh7 $2 {[%mdl 8192] [#]} (35... Re8 $16) 36. Qh8+ $1 $18 Kg6 37. Qb2 $2 (37. Rf8 $18) 37... h5 38. Rb5 a6 (38... Kh7 $11 {remains equal.}) 39. Ra5 $16 Kh7 40. Rxa6 (40. Qc2 $16) 40... Rb7 {[#]} (40... Rc7 $1 $11) 41. Qc2 $1 Rb1+ $2 {[%mdl 8192]} (41... Rb4 $16) 42. Qxb1 $18 {White is clearly winning.} Qxf2+ 43. Kh1 Qf5 44. Qb2 {Accuracy: White = 47%, Black = 35%.} 1-0

[Event "ISR-chT 2020"]
[Site "Israel"]
[Date "2020.01.17"]
[Round "3.26"]
[White "Zubov, Alexander"]
[Black "Rechlis, Gad"]
[Result "0-1"]
[WhiteElo "2601"]
[BlackElo "2498"]
[Annotator "TA"]
[PlyCount "98"]
[EventDate "2020.01.10"]
[EventType "team-tourn"]
[EventCountry "ISR"]
[SourceTitle "playchess.com"]
[Source "ChessBase"]
[SourceQuality "1"]

{[%evp 9,98,14,12,8,17,4,8,7,17,17,17,12,18,4,16,22,28,19,29,14,27,-50,-38,-102,-100,-100,-92,-122,-123,-121,-123,-118,-118,-131,-123,-137,-125,-127,-127,-127,-118,-180,-175,-179,-172,-176,-172,-216,-204,-379,-369,-393,-387,-400,-391,-400,-401,-400,-400,-582,-490,-521,-514,-512,-516,-552,-537,-531,-526,-507,-493,-573,-595,-574,-618,-658,-658,-658,-656,-640,-637,-566,-508,-1123,-1101,-1072,-1107,-1035,-1016,-887,-854]} 1. d4 Nf6 2. g3 c5 3. d5 b5 4. c4 Bb7 (4... bxc4 5. Nc3 d6 6. Nf3 g6 7. Nd2 Bg7 8. Nxc4 O-O 9. Bg2 Ba6 10. Qa4 Qd7 11. Qxd7 Nbxd7 12. Na5 {1-0 (30) Stupak,K (2562)-Fedorov,A (2576) Minsk 2017}) 5. Bg2 bxc4 6. Na3 {A57: Benko/Volga Gambit} g6 7. Nxc4 Bg7 8. e4 {next e5 is good for White.The position is equal.} O-O $146 ({Predecessor:} 8... d6 9. Bd2 O-O 10. Ne2 Ba6 11. Rc1 Nfd7 12. Ba5 Qc8 {0-1 (34) Jirka,J (2315)-Bakalar,P (2320) Czechia 1999}) 9. Ne2 Ba6 10. Qc2 d6 11. O-O Nbd7 {[%cal Bb8d7,Bd7b6,Bb6a4,Ba4c3][%mdl 32]} 12. Rb1 Nb6 13. Ne3 Nfd7 14. Rd1 Rb8 15. b3 {[#]} ({White should play} 15. Nf4 $11) 15... Na4 $1 $36 {[%mdl 2560] Black is pushing.} 16. Bf1 ({Better is} 16. Re1 $15) (16. bxa4 Rxb1) 16... Bxe2 $1 $17 17. Bxe2 Nc3 {[%mdl 64] Double Attack} 18. Bb2 Nxd1 19. Rxd1 Bxb2 20. Qxb2 a5 21. a4 Rb4 22. Qc2 Qb8 23. Bb5 Rxb5 24. axb5 Qxb5 25. Kg2 (25. Nc4 $17) 25... Rb8 $19 26. Rd3 Ra8 27. Nc4 a4 {[%cal Ba5a4,Ba4a3][%mdl 32]} 28. Re3 a3 {aiming for ...a2.} 29. Qa2 $2 (29. Re1) 29... Qb4 30. h3 Nb6 31. Nd2 Qd4 32. Re2 Nd7 33. Nf3 Qc3 34. Ne1 (34. h4 {might work better.}) 34... Ne5 {Black is clearly winning.} 35. Re3 Qd4 36. Re2 h5 37. Nc2 Qc3 {White must now prevent ...Qf3+.} 38. Ne1 {[#]} h4 $1 {[%mdl 512]} 39. gxh4 Kg7 40. Re3 Qc1 41. Kg3 Rb8 42. Qc2 Qxc2 43. Nxc2 {[%mdl 4096] Endgame KRN-KRN} a2 44. Na1 c4 45. Rc3 Rb4 46. f4 (46. Kg2 $142 cxb3 {[%mdl 64] Discovered Attack} 47. Rxb3 Rxe4 48. Rb2) 46... cxb3 47. Rxb3 Rxb3+ 48. Nxb3 Nc4 49. Na1 f5 {Accuracy: White = 42%, Black = 86%.} 0-1

[Event "ISR-chT 2020"]
[Site "Israel"]
[Date "2020.01.17"]
[Round "3.27"]
[White "Bitensky, Igor"]
[Black "Flom, Gabriel"]
[Result "1-0"]
[WhiteElo "2377"]
[BlackElo "2510"]
[Annotator "TA"]
[PlyCount "75"]
[EventDate "2020.01.10"]
[EventType "team-tourn"]
[EventCountry "ISR"]
[SourceTitle "playchess.com"]
[Source "ChessBase"]
[SourceQuality "1"]

{[%evp 15,75,6,31,16,20,19,21,15,22,4,30,22,43,28,66,66,75,58,72,52,44,42,58,47,87,100,112,0,0,0,113,107,81,55,55,55,54,55,55,58,58,57,93,93,95,86,78,91,278,47,571,547,768,502,1039,1037,1008,1001,947,1016,990,998]} 1. Nf3 d5 2. g3 Nf6 3. Bg2 c6 4. O-O Bf5 5. d3 h6 6. c4 e6 7. cxd5 exd5 8. Nc3 Be7 9. Nd4 {A11: English Opening: 1...c6} Bh7 10. e4 O-O 11. Re1 {The position is equal.} Na6 {[%cal Bb8a6,Ba6c5,Bc5d3][%mdl 32]} 12. e5 Ne8 (12... Nd7 13. Bh3 Kh8 14. a3 Nac5 15. Bf5 a5 16. Bxh7 Kxh7 {1-0 (41) Karthikeyan,M (2578)-Deepan Chakkravarthy,J (2477) Patna 2017}) 13. Bh3 Nc5 14. Bf5 $36 {[%mdl 2048] White has some pressure.} Bxf5 $146 ({Predecessor:} 14... Kh8 15. Bxh7 Kxh7 16. Nf5 Qd7 {½-½ (45) Jackson,T (2046)-Milde,L (2054) ICCF email 2012}) 15. Nxf5 Qd7 16. Qg4 Kh7 17. d4 Nd3 18. Re3 Nxc1 19. Rxc1 Qe6 {[#] Hoping for ...g6.} 20. Qh3 $1 Qd7 21. Qg4 (21. f4 $16) 21... Qe6 $1 $11 {Threatens to win with ...g6.} 22. Qh3 (22. h3 $11) 22... Qd7 $1 $16 23. Ne2 Nc7 24. Rb3 Ne6 25. f4 Bd8 26. Nxg7 Kxg7 27. f5 Bg5 $1 {[%cal Rg5c1]} 28. Rf1 Kh7 29. fxe6 fxe6 30. Rbf3 Rxf3 31. Rxf3 {Strongly threatening Qh5.} Qe7 $2 {[#]} (31... Rg8 $16 {is a better defense.}) 32. Qh5 $2 (32. Qf1 $1 $18 {And now Rf7+ would win.} Kg7 33. h4) 32... Kg7 $2 {[%mdl 8192]} (32... Rf8 $14) 33. h4 $18 {White is clearly winning.} Bd2 34. Nf4 Rg8 (34... Qe8 $142 35. Qg4+ {[%mdl 64] Double Attack} Kh7 36. Nxe6 Qg6 37. Nf8+ Rxf8 38. Qxg6+ Kxg6 39. Rxf8 Be3+ 40. Kg2 Kg7) 35. Qg6+ {[%mdl 64] Double Attack} Kh8 36. Qxh6+ Qh7 37. Qf6+ Qg7 38. Nxe6 {Accuracy: White = 68%, Black = 57%.} 1-0